| 000 | 00698nam a2200229 u 4500 | ||
|---|---|---|---|
| 005 | 20240831063801.0 | ||
| 008 | 141006s2006 r 000 0 eng d | ||
| 020 | _a8466747354 | ||
| 035 | _aUPN01000200033 | ||
| 049 | _aI | ||
| 050 | 4 |
_aPZ71 _bN4.22 |
|
| 100 | 1 |
_aNesquens, Daniel, _d1967- _931792 |
|
| 245 | 1 | 3 |
_aEl barquito de papel / _cDaniel Nesquens ; il. Leticia Ruifernández |
| 260 |
_aMadrid : _bAnaya, _c2006. |
||
| 300 |
_a[28] p. : _bil. col. principalmente |
||
| 440 | 0 |
_aSopa de cuentos. _pPrimeros lectores |
|
| 650 | 4 |
_aCuentos infantiles españoles _97725 |
|
| 650 | 4 |
_aLibros y lectura para niños _92290 |
|
| 905 | _aInfantil | ||
| 999 |
_c172134 _d172134 |
||